[Event "GER-chT10 LJ-23 Br01 email"]
[Site "GER email"]
[Date "2013.10.04"]
[Round "?"]
[White "Weber, Joerg"]
[Black "Nickel, Reiner Gert"]
[Result "1/2-1/2"]
[WhiteElo "2113"]
[BlackElo "2278"]
[PlyCount "35"]
[EventDate "2013.10.15"]
[EventType "tourn (corr)"]
[EventRounds "8"]
[EventCountry "GER"]
[SourceTitle "Corr 2015"]
[Source "ChessBase"]
[SourceDate "2015.07.17"]
[SourceVersion "1"]
[SourceVersionDate "2015.07.17"]
[SourceQuality "1"]

1. c4 Nf6 2. Nc3 e5 3. g3 Bb4 4. Bg2 0-0 5. Nf3 Re8 6. 0-0 e4 7. Nd4 Nc6 8. Nc2 Bxc3 9. dxc3 h6 10. Ne3 d6 11. Qc2 a5 12. Rd1 b6 13. b3 Rb8 14. a4 Ne5 15. Nd5 Ned7 16. Rd4 Nxd5 17. cxd5 Nf6 18. c4 1/2-1/2

[Event "GER-chT10 LJ-23 Br01 email"]
[Site "GER email"]
[Date "2013.10.04"]
[Round "?"]
[White "Weber, Joerg"]
[Black "Schulz, Volker"]
[Result "1/2-1/2"]
[WhiteElo "2113"]
[BlackElo "2011"]
[PlyCount "45"]
[EventDate "2013.10.15"]
[EventType "tourn (corr)"]
[EventRounds "8"]
[EventCountry "GER"]
[SourceTitle "Corr 2015"]
[Source "ChessBase"]
[SourceDate "2015.07.17"]
[SourceVersion "1"]
[SourceVersionDate "2015.07.17"]
[SourceQuality "1"]

1. c4 g6 2. d4 Bg7 3. Nc3 d6 4. e4 Nf6 5. Nf3 c6 6. Be2 0-0 7. 0-0 e5 8. Re1 exd4 9. Nxd4 Re8 10. Bf1 Nbd7 11. Rb1 a6 12. Bf4 Ne5 13. h3 Qc7 14. Rc1 b6 15. Qd2 Bb7 16. b3 Rad8 17. Bg5 Ned7 18. f3 Nf8 19. a3 Rd7 20. b4 Nh5 21. Nde2 Be5 22. Bh6 Qb8 23. f4 1/2-1/2